Country Flag-Shapes by Partial Images #4 - Statistics

General Stats
  • This quiz has been taken 8 times
  • The average score is 14 of 25
Answer Stats
Picture Answer % Correct
South Korea
100%
Cambodia
88%
Colombia
88%
Finland
88%
Slovakia
88%
Central African Republic
75%
Ecuador
75%
Taiwan
75%
Turkmenistan
75%
Brunei
63%
Guinea
63%
Papua New Guinea
63%
South Africa
63%
Sweden
63%
United Arab Emirates
63%
D.R. Congo
38%
Israel
38%
Nepal
38%
Brazil
25%
Czechia
25%
Kuwait
25%
Netherlands
25%
Serbia
25%
St. Kitts and Nevis
13%
Togo
0%
No matching quizzes found
Score Distribution
Percent of People with Each Score
Percentile by Number Answered
Your Score History
You have not taken this quiz